Statistics for Pretty Little Liars - Characters

Click here to take the quiz!

General Stats

  • This quiz has been taken 92 times
  • The average score is 35 of 50

Answer Stats

HintAnswer% Correct
3Aria Montgomery
100%
4Emily Fields
100%
1Hanna Marin
100%
2Spencer Hastings
100%
7Toby Cavanaugh
98%
5Allison DiLaurentis
97%
8Caleb Rivers
97%
6Ezra Fitzerald
97%
9Mona Vanderwaal
97%
10Jenna Cavanaugh
93%
28Ella Montgomery
92%
14Melissa Hastings
92%
26Ashley Marin
87%
33Byron Montgomery
87%
18Cece Drake
87%
27Veronica Hastings
87%
12Jason DiLaurentis
84%
22Noel Kahn
84%
29Pam Fields
84%
16Wren Kingston
84%
15Ian Thomas
82%
13Maya St Germain
82%
30Jessica DiLaurentis
80%
17Paige McCullers
80%
32Peter Hastings
80%
31Tom Marin
80%
11Lucas Gottesman
79%
19Alex Drake
75%
35Sean Ackard
75%
25Darren Wilden
72%
23Garret Reynolds
69%
45Kenneth DiLaurentis
69%
20Mary Drake
69%
34Wayne Fields
69%
41Kate Randall
66%
38Samara Cook
61%
47Sara Harvey
57%
43Ted Wilson
52%
48Jake
51%
49Meredith Sorenson
46%
40Bethany Young
43%
36Travis Hobbs
41%
37Jordan Hobarts
36%
50Linda Tanner
36%
21Mike Montgomery
30%
46Archer Dunhill
28%
42Gabriel Holbrook
28%
44Dr Sullivan
21%
24Marco Furey
21%
39Addison Derringer
3%

Score Distribution

Percentile by Number Answered

Percent of People with Each Score

Your Score History

You have not taken this quiz